Využitie filozofie Web 2.0 pri riadení vzťahov so zákazníkmi diplomová práca

Na minha lista:
Detalhes bibliográficos
Autor principal: Schwarcz, Ondrej
Autor Corporativo: Podnikovohospodárska fakulta EU so sídlom v Košiciach. Katedra manažmentu
Outros Autores: Mesároš, Peter
Formato: Livro
Idioma:eslovaco
Publicado em: Košice 2011
Tags: Adicionar Tag
Sem tags, seja o primeiro a adicionar uma tag!

MARC

LEADER 00000nbm a2200000 4500
001 0139092
005 20161109101906.0
041 0 |a slo 
044 |a SK 
245 1 0 |a Využitie filozofie Web 2.0 pri riadení vzťahov so zákazníkmi  |b diplomová práca  |c Ondrej Schwarcz ; školiteľ: Peter Mesároš 
264 1 |a Košice  |c 2011 
300 |a 84 s. 
100 1 |a Schwarcz, Ondrej 
700 1 |a Mesároš, Peter 
710 2 |a Podnikovohospodárska fakulta EU so sídlom v Košiciach. Katedra manažmentu